JR東日本 行先クイズ - Statistics

General Stats
  • This quiz has been taken 6,331 times
    5,450 since last reset
  • The average score is 276 of 480
Answer Stats
Hint Answer % Correct
東京
97%
熱海
94%
伊東線 伊東
93%
品川
93%
大宮
93%
大船
92%
上野
92%
小田原
91%
八高線・川越線 | 横浜線 八王子
91%
新宿
91%
高崎
89%
仙台
88%
鶴見
87%
山手線 大崎
87%
千葉
87%
横須賀
86%
南武線 | 青梅線 立川
86%
池袋
86%
水戸
86%
宇都宮
86%
川崎
85%
青梅
84%
川越
84%
成田
84%
長野
83%
逗子
82%
東神奈川
82%
高尾
82%
大月
82%
新潟
82%
国府津
81%
平塚
81%
横須賀線 久里浜
81%
相模線 橋本
81%
赤羽
81%
甲府
81%
西船橋
81%
中央・総武各駅停車 三鷹
81%
いわき
81%
茅ヶ崎
80%
南浦和
80%
中野
80%
蘇我
80%
松本
80%
桜木町
79%
盛岡
79%
山形
79%
武蔵野線 府中本町
78%
小山
78%
郡山
78%
秋田
78%
77%
海老名
76%
蒲田
76%
我孫子
76%
越後湯沢
76%
日光
76%
福島
76%
奥多摩
75%
武蔵五日市
75%
黒磯
75%
銚子
74%
取手
74%
前橋
74%
国分寺
73%
豊田
73%
拝島
73%
海浜幕張
73%
津田沼
73%
木更津
73%
成田空港
73%
土浦
73%
籠原
73%
海芝浦
72%
浜川崎
72%
武蔵小金井
72%
青森
72%
磯子
71%
塩尻
71%
高麗川
71%
久留里
71%
松戸
71%
新庄
71%
八戸線 | 青い森鉄道 八戸
71%
小淵沢
70%
武蔵浦和
70%
安房鴨川
70%
鹿島神宮
70%
会津若松
70%
新青森
70%
上総一ノ宮
69%
東金
69%
勝田
69%
小金井
69%
長岡
69%
石巻
69%
町田
68%
君津
68%
新前橋
67%
水上
67%
烏山
67%
伊豆急行線 伊豆急下田
67%
りんかい線 新木場
67%
東十条
66%
尻手
66%
北上
66%
館山
65%
成東
65%
佐倉
64%
篠ノ井
64%
米沢
64%
那須塩原
64%
東海道線(海) 沼津
64%
北海道新幹線 新函館北斗
64%
南船橋
63%
原ノ町
63%
横川
63%
大川
62%
登戸
62%
上諏訪
62%
飯山
62%
弥彦
62%
気仙沼
62%
友部
61%
新白河
61%
只見
61%
富士急行線 河口湖
61%
高萩
60%
古河
60%
直江津
60%
新津
60%
仙台空港線 仙台空港
60%
北陸新幹線(西) 金沢
60%
岡谷
59%
男鹿
59%
釜石
59%
竜王
58%
大網
58%
南小谷
58%
田沢湖
58%
東京メトロ千代田線 北千住
58%
軽井沢
58%
辰野
57%
新習志野
57%
勝浦
57%
飯田
57%
東所沢
56%
上総亀山
56%
一ノ関
56%
酒田
56%
大曲
56%
予讃線 高松
56%
塩山
55%
大前
55%
小諸
55%
新発田
55%
左沢
55%
釜石線 花巻
55%
代々木上原
55%
山陰本線 出雲市
55%
武蔵溝ノ口
54%
武蔵中原
54%
茅野
54%
本庄
54%
伊勢崎
54%
長野原草津口
54%
小牛田
54%
鶴見線 扇町
53%
桐生
53%
渋川
53%
白石
53%
大湊
53%
佐原
52%
岩沼
52%
弘前
52%
伊豆箱根鉄道 修善寺
52%
東葉高速線 東葉勝田台
52%
名古屋
52%
信濃大町
51%
仙石線 あおば通
51%
東武日光線・鬼怒川線 東武日光
51%
韮崎
50%
茂原
50%
柏崎
50%
小海
50%
十日町
50%
稲城長沼
49%
河辺
49%
小川町
49%
四街道
49%
宝積寺
49%
箱根ヶ崎
48%
白河
48%
松島
48%
万座・鹿沢口
47%
米坂線 坂町
47%
村上
47%
下館
46%
喜多方
46%
鬼怒川温泉
46%
ほくほく線 六日町
46%
武蔵白石
45%
御嶽
45%
東能代
45%
上田
45%
誉田
44%
大原
44%
弥彦線 東三条
44%
愛子
44%
女川
44%
大館
44%
南越谷
43%
大津港
43%
鹿沼
43%
雫石
43%
富士見
42%
姉ヶ崎
42%
常陸太田
42%
只見線 小出
42%
横手
42%
三厩
42%
豊橋
42%
中津川
42%
野辺山
41%
吉田
41%
鶴岡
41%
角館
41%
能代
41%
上総湊
40%
40%
越後川口
40%
宮古
40%
越後中里
39%
古川
39%
久慈
39%
大湊線 野辺地
39%
蟹田
39%
本厚木
39%
八街
38%
常陸大宮
38%
利府
38%
天童
38%
向ヶ丘遊園
38%
伊勢原
38%
上越妙高
38%
児玉
37%
千倉
37%
常陸大子
37%
松島海岸
37%
東陽町
37%
小田急線 成城学園前
37%
相模大野
37%
弁天橋
36%
妙高高原
35%
会津鉄道 会津田島
35%
戸狩野沢温泉
34%
寒河江
34%
羽後本荘
34%
陸羽西線 余目
34%
34%
伊豆高原
34%
妙典
34%
鳴子温泉
33%
湯沢
32%
ほっとゆだ
32%
広野
31%
小野新町
31%
多賀城
30%
高城町
30%
中央西線 木曽福島
30%
横芝
29%
豊栄
29%
上菅谷
29%
村山
29%
東塩釜
29%
深浦
28%
明治神宮前
28%
明科
27%
五泉
27%
庭坂
27%
会津坂下
27%
豊野
27%
犀潟
27%
新井
27%
いわて沼宮内
27%
磐梯熱海
26%
作並
26%
あつみ温泉
26%
鹿角花輪
26%
新地
25%
山下
25%
穂高
25%
内野
25%
矢吹
25%
大河原
25%
西若松
25%
天竜峡
25%
石打
24%
岩切
24%
前谷地
24%
津軽新城
24%
会津高原尾瀬口
24%
久ノ浜
23%
森宮野原
23%
藤田
23%
会津川口
23%
柳津
23%
八郎潟
23%
鷹ノ巣
23%
霞ケ関
23%
中込
22%
追分
22%
21%
出雲崎
21%
石越
21%
大白川
21%
小国
21%
今泉
21%
小鶴新田
21%
野沢
20%
松川
19%
院内
19%
磐城石川
18%
真室川
18%
上米内
18%
津川
17%
水原
17%
碇ヶ関
17%
赤渕
17%
鰺ヶ沢
17%
磐城棚倉
16%
馬下
16%
矢幅
16%
鼠ケ関
16%
有明
15%
寺泊
15%
日詰
15%
新屋
15%
上松
15%
阿武隈急行線 梁川
15%
関屋
14%
越後曽根
14%
小川郷
14%
しなの鉄道線 戸倉
14%
IGRいわて銀河鉄道 滝沢
14%
羽生田
13%
羽前椿
11%
飯田線 駒ケ根
11%
川内
10%
荒屋新町
10%
平岡
9%
吹浦
8%
岩館
8%
伊那福岡
7%
藤根
6%
No matching quizzes found
Score Distribution
Percent of People with Each Score
Percentile by Number Answered
Your Score History
You have not taken this quiz since the last reset